Reunion City Quiz - Statistics

General Stats
  • This quiz has been taken 51 times
  • The average score is 4 of 6
Answer Stats
City % Correct
Saint-Denis
100%
Saint-Pierre
80%
Saint-Paul
68%
Saint-Andre
50%
Saint-Louis
48%
Le Tampon
45%
No matching quizzes found
Score Distribution
Percent of People with Each Score
Percentile by Number Answered
Your Score History
You have not taken this quiz